000
00310nam a2200133Ia 4500
100
_a
William G.
942
_c
BK
654
_a
Workshop calculations.
245
_a
Workshop calculations for machine tools.
260
_b
The english book depot.
_c
2001
082
_a
621.9
300
_a
172
546
_a
ENGLISH
999
_c
20135
_d
20135